ماذا لو فاض البحر ؟ : (Record no. 14431)
[ view plain ]
| 000 -الفاتح | |
|---|---|
| حقل البيانات ثابتة الطول | 00861nam a22001937a 4500 |
| 008 - عناصر البيانات ثابتة الطول - معلومات عامة | |
| حقل البيانات ثابتة الطول | 100707s2005 xxu||||| |||| 00| 0 ara d |
| 082 ## - رقم تصنيف ديوى العشرى | |
| رقم الطبعة | 22 |
| رقم التصنيف | 363.7 |
| رقم المادة | ح س ن |
| 100 1# - المدخل الرئيسى - إسم شخصى | |
| 9 (RLIN) | 16042 |
| الإسم الشخصى | الحسن ، فيصل المصطفى |
| 245 ## - بيان العنوان | |
| العنوان | ماذا لو فاض البحر ؟ : |
| بقية العنوان | أوراق بيئية / |
| بيان المسئوليه,etc | فيصل المصطفى الحسن |
| 260 ## - PUBLICATION, DISTRIBUTION, ETC. (IMPRINT) | |
| مكان الناشر او الموزع | دمشق : |
| اسم الناشر او الموزع | منشورات وزارة الثقافة ، |
| تاريخ النشر أو التوزيع | 2005. |
| 300 ## - الوصف المادى | |
| التعداد | 183 ص : |
| أبعاد الوعاء | 24 سم. |
| 500 ## - تبصرة عامة | |
| تبصرة عامة | يحتوي على فهرس |
| 541 ## - تبصرة المصدر المباشر للتزويد | |
| مصدر التزويد | ألف باء ؛ |
| طريقة التزويد | شراء ؛ |
| 650 ## - المدخل الاضافى بالموضوع-مصطلح موضوعى | |
| 9 (RLIN) | 16043 |
| مصطلح موضوعي أو اسم جغرافي كعنصر مدخل | البيئة |
| 650 ## - المدخل الاضافى بالموضوع-مصطلح موضوعى | |
| 9 (RLIN) | 16044 |
| مصطلح موضوعي أو اسم جغرافي كعنصر مدخل | حماية البيئة |
| 650 ## - المدخل الاضافى بالموضوع-مصطلح موضوعى | |
| 9 (RLIN) | 16045 |
| مصطلح موضوعي أو اسم جغرافي كعنصر مدخل | البيئة |
| التقسيم الفرعي العام | إحصاءات |
| 942 ## - عناصر المدخل الإضافي( كوها) | |
| مصدر التصنيف او مخطط الترفيف | Dewey Decimal Classification |
| Koha [default] item type | Book - Borrowing |
| حالة التراجع | حالة الفقد | مصدر التصنيف او خطة الترفيف | حالة تلف | ليس للاعارة | مجموعات كوها | المكان الدائم | المكان الحالي | موقع الترفيف | تاريخ الاكتساب | Source of acquisition | رقم الاستدعاء | الباركود | Date last seen | نوع الوعاء |
|---|---|---|---|---|---|---|---|---|---|---|---|---|---|---|
| Dewey Decimal Classification | Alef-Baa | Central Library | Central Library | First floor | 07/07/2010 | 363.7 ح س ن | 000021034 | 15/07/2025 | Book - Borrowing |